Programové rozpočtovanie - výzva pre slovenské samosprávy

Východiská a samotný proces implementácie programového rozpočtovania v podmienkach slovenských samospráv. Prínosy programového rozpočtovania sú zrejmé - manažérsky a strategický prístup, transparentnosť, východisko pre porovnávanie do budúcna. Vynárajú sa však nové výzvy a to ako na strane samospráv...

Full description

Saved in:
Bibliographic Details
Main Author: Moravčík, Miloš
Format: Book Chapter
Language:Slovak
Subjects:
Tags: Add Tag
No Tags, Be the first to tag this record!

MARC

LEADER 00000naa$a2200000$$$4500
001 0089492
005 20240513074221.2
041 0 |a slo 
044 |a SK 
245 1 0 |a Programové rozpočtovanie - výzva pre slovenské samosprávy  |c Miloš Moravčík 
520 |a Východiská a samotný proces implementácie programového rozpočtovania v podmienkach slovenských samospráv. Prínosy programového rozpočtovania sú zrejmé - manažérsky a strategický prístup, transparentnosť, východisko pre porovnávanie do budúcna. Vynárajú sa však nové výzvy a to ako na strane samospráv, tak na strane ich obyvateľov, či Ministerstva financií, ktoré metodologicky zastrešuje celý proces. Tie zachytáva príspevok vo svojej poslednej časti. Efekty zo zavedenia programového rozpočtovania bude možné vidieť až v horizonte niekoľkých rokov. 
610 2 0 |a správa verejná 
610 2 0 |a samospráva 
610 2 0 |a Slovensko 
610 2 0 |a rozpočtovanie 
610 2 0 |a rozpočty verejné 
100 1 |a Moravčík, Miloš